<?xml version="1.0" encoding="UTF-8"?><?xml-stylesheet type="text/xsl" href="static/style.xsl"?><OAI-PMH xmlns="http://www.openarchives.org/OAI/2.0/" xmlns:xsi="http://www.w3.org/2001/XMLSchema-instance" xsi:schemaLocation="http://www.openarchives.org/OAI/2.0/ http://www.openarchives.org/OAI/2.0/OAI-PMH.xsd"><responseDate>2026-04-17T05:14:32Z</responseDate><request verb="GetRecord" identifier="oai:www.recercat.cat:2072/471417" metadataPrefix="marc">https://recercat.cat/oai/request</request><GetRecord><record><header><identifier>oai:recercat.cat:2072/471417</identifier><datestamp>2025-04-03T09:54:55Z</datestamp><setSpec>com_2072_98</setSpec><setSpec>col_2072_378192</setSpec></header><metadata><record xmlns="http://www.loc.gov/MARC21/slim" xmlns:dcterms="http://purl.org/dc/terms/" xmlns:xsi="http://www.w3.org/2001/XMLSchema-instance" xmlns:doc="http://www.lyncode.com/xoai" xsi:schemaLocation="http://www.loc.gov/MARC21/slim http://www.loc.gov/standards/marcxml/schema/MARC21slim.xsd">
   <leader>00925njm 22002777a 4500</leader>
   <datafield ind2=" " ind1=" " tag="042">
      <subfield code="a">dc</subfield>
   </datafield>
   <datafield ind2=" " ind1=" " tag="720">
      <subfield code="a">Civil i Serra, Marta</subfield>
      <subfield code="e">author</subfield>
   </datafield>
   <datafield ind2=" " ind1=" " tag="720">
      <subfield code="a">Rial Pan, Marta</subfield>
      <subfield code="e">author</subfield>
   </datafield>
   <datafield ind2=" " ind1=" " tag="720">
      <subfield code="a">Santos Prados, Teresa</subfield>
      <subfield code="e">author</subfield>
   </datafield>
   <datafield ind2=" " ind1=" " tag="260">
      <subfield code="c">2023</subfield>
   </datafield>
   <datafield ind2=" " ind1=" " tag="520">
      <subfield code="a">La Biblioteca de Comunicació i Hemeroteca General de la Universitat Autònoma de Barcelona (UAB), nascuda fa 50 anys i estretament vinculada a la Facultat de Ciències de la Comunicació (UAB) -degana dels estudis de comunicació a Catalunya-, ha evolucionat com a actor actiu per als estudiants, docents, investigadors, periodistes i la societat en general, al compàs de la digitalització. L'article que presentem es proposa d'aprofundir en l'evolució d'aquest equipament i en el coneixement de les seves col·leccions, que l'han convertit en un referent en l'àmbit de les biblioteques universitàries i també en matèria de suport a l'ensenyament i a la recerca científica especialitzada en comunicació. La qualitat i la singularitat dels seus fons ens permeten, al mateix temps, entendre la història d'una època i d'un país.</subfield>
   </datafield>
   <datafield ind2=" " ind1=" " tag="520">
      <subfield code="a">La Biblioteca de Comunicación y Hemeroteca General de la Universitat Autònoma de Barcelona (UAB), nacida hace 50 años y estrechamente vinculada a la Facultad de Ciencias de la Comunicación (UAB) -decana de los estudios de comunicación en Cataluña-, ha evolucionado como actor activo para los estudiantes, docentes, investigadores, periodistas y la sociedad en general, al compás de la digitalización. El artículo que presentamos se propone profundizar en la evolución de este equipamiento y en el conocimiento de sus colecciones, que lo han convertido en un referente en el ámbito de las bibliotecas universitarias y también en materia de apoyo a la enseñanza y la investigación científica especializada en comunicación. La calidad y la singularidad de sus fondos nos permiten, al mismo tiempo, entender la historia de una época y de un país.</subfield>
   </datafield>
   <datafield ind2=" " ind1=" " tag="520">
      <subfield code="a">The Communication Library and General Newspaper Archivesat the Autonomous University of Barcelona (UAB), founded 50years ago and closely tied to the Faculty of CommunicationStudies (UAB) -the longest-standing communication studiesprogramme in Catalonia- has evolved to become a key actorfor students, teachers, researchers and journalists, and for societyin general, keeping apace with digitalisation.This article sets out to further explore the evolution of thisfacility and the knowledge in its collections, both of which havemade it a benchmark in the arena of university libraries andin support for teaching and scholarly research specialising incommunication. The quality and uniqueness of the holdingsalso provide a glimpse into a time period and a country.</subfield>
   </datafield>
   <datafield tag="653" ind2=" " ind1=" ">
      <subfield code="a">Biblioteques universitàries</subfield>
   </datafield>
   <datafield tag="653" ind2=" " ind1=" ">
      <subfield code="a">Recerca en comunicació</subfield>
   </datafield>
   <datafield tag="653" ind2=" " ind1=" ">
      <subfield code="a">Formació en comunicació</subfield>
   </datafield>
   <datafield tag="653" ind2=" " ind1=" ">
      <subfield code="a">Pensament crític</subfield>
   </datafield>
   <datafield tag="653" ind2=" " ind1=" ">
      <subfield code="a">Humanitats digitals</subfield>
   </datafield>
   <datafield tag="653" ind2=" " ind1=" ">
      <subfield code="a">Innovació</subfield>
   </datafield>
   <datafield tag="653" ind2=" " ind1=" ">
      <subfield code="a">Bibliotecas universitarias</subfield>
   </datafield>
   <datafield tag="653" ind2=" " ind1=" ">
      <subfield code="a">Investigación en comunicación</subfield>
   </datafield>
   <datafield tag="653" ind2=" " ind1=" ">
      <subfield code="a">Formación en comunicación</subfield>
   </datafield>
   <datafield tag="653" ind2=" " ind1=" ">
      <subfield code="a">Pensamiento crítico</subfield>
   </datafield>
   <datafield tag="653" ind2=" " ind1=" ">
      <subfield code="a">Humanidades digitales</subfield>
   </datafield>
   <datafield tag="653" ind2=" " ind1=" ">
      <subfield code="a">Innovación</subfield>
   </datafield>
   <datafield tag="653" ind2=" " ind1=" ">
      <subfield code="a">University libraries</subfield>
   </datafield>
   <datafield tag="653" ind2=" " ind1=" ">
      <subfield code="a">Communication research</subfield>
   </datafield>
   <datafield tag="653" ind2=" " ind1=" ">
      <subfield code="a">Communication training</subfield>
   </datafield>
   <datafield tag="653" ind2=" " ind1=" ">
      <subfield code="a">Critical thinking</subfield>
   </datafield>
   <datafield tag="653" ind2=" " ind1=" ">
      <subfield code="a">Digital humanities</subfield>
   </datafield>
   <datafield tag="653" ind2=" " ind1=" ">
      <subfield code="a">Innovation</subfield>
   </datafield>
   <datafield ind2="0" ind1="0" tag="245">
      <subfield code="a">La Biblioteca de Comunicació i Hemeroteca General (UAB) : 50 anys de servei públic i de suport a l'ensenyament i la recerca (1972-2022)</subfield>
   </datafield>
</record></metadata></record></GetRecord></OAI-PMH>